Le Conseil provincial de Barcelone, au service des municipalités, au service des personnes
Descripción Física:
[17] p. : il. col. ; 25 cm
MARC
| LEADER | 00000nam a2200000Ia 4500 | ||
|---|---|---|---|
| 001 | 19936 | ||
| 008 | 160829s2005 xx 000 0 cat d | ||
| 080 | |a FU-4-42 | ||
| 245 | |a Le Conseil provincial de Barcelone, au service des municipalités, au service des personnes | ||
| 260 | |a Barcelona : |b Diputació de Barcelona, |c 2005 | ||
| 300 | |a [17] p. : |b il. col. ; |c 25 cm | ||
| 610 | 1 | 0 | |a Barcelona (Catalunya : Província). |b Diputació |9 52408 |
| 710 | 1 | |a Barcelona (Catalunya : Província). |b Diputació |9 52408 | |
| 901 | |a Arxiu | ||
| 942 | |n 1 | ||
| 952 | |0 0 |1 0 |4 0 |6 FU442 |7 1 |9 51829 |a Arxiu |b Arxiu |d 2016-12-01 |l 0 |o FU-4-42 |p 19936 |r 2016-12-01 00:00:00 |w 2016-12-01 |y ARXIU | ||
| 999 | |c 55675 |d 55675 | ||